| 000 | 00483cam a2200181ua 4500 | ||
|---|---|---|---|
| 001 | 488 | ||
| 008 | 110406n ii |||gr||||Z||||||eng | ||
| 040 | _cMAIN | ||
| 082 | _a342.030954 | ||
| 245 |
_aAssam tenancy act, 1935. : _btemporarily settled district. / _cBy K.N Saikia. |
||
| 250 | _a1st. | ||
| 260 |
_aCalcutta.: _bNew book stall.,965. |
||
| 300 | _aviii, 162 p.:2 cm. | ||
| 653 | _aPolitical science. | ||
| 653 | _aAssam tenancy act. | ||
| 700 | _aSaikia, K.N, | ||
| 942 | _cBK | ||
| 999 |
_c429 _d429 |
||